|
|
|
|
| LEADER |
00000nab a2200000 ar4500 |
| 001 |
vtls010580693 |
| 003 |
SK-MaSNL |
| 005 |
20260305023907.0 |
| 008 |
140306c2013 xo qr|p|||n |000 b|slo |
| 015 |
|
|
|a SNBRB2014/03
|
| 038 |
|
|
|a SPK
|
| 040 |
|
|
|a SPKCL
|b slo
|c AACR2
|e AACR2
|
| 041 |
0 |
|
|a slo
|
| 044 |
|
|
|a xo
|c SK
|
| 072 |
|
7 |
|a 913
|x Regionálna geografia
|2 konspekt
|
| 072 |
|
7 |
|a 655
|x Polygrafia. Vydavateľstvá a knižný obchod
|2 konspekt
|
| 072 |
|
7 |
|a 378
|x Vysoké školy
|2 konspekt
|
| 080 |
|
|
|a 913
|2 2001
|
| 080 |
|
|
|a 371.671
|2 2001
|
| 080 |
|
|
|a 655.533
|2 2001
|
| 080 |
|
|
|a 378
|2 2001
|
| 100 |
1 |
|
|a Gurňák, Daniel,
|d 1974-
|4 aut
|9 203303
|
| 245 |
1 |
0 |
|a Ilustračný aparát pri tvorbe učebníc regionálnej geografie so zameraním na tvorbu vysokoškolských učebníc
|c Daniel Gurňák, Ladislav Tolmáči
|
| 300 |
|
|
|b Obr.
|
| 504 |
|
|
|a Bibliogr. odkazy
|
| 650 |
0 |
7 |
|a regionálna geografia
|2 snkbucl
|9 822
|
| 650 |
0 |
7 |
|a tvorba učebných pomôcok
|2 snkbucl
|9 625301
|
| 650 |
0 |
7 |
|a učebnice
|2 snkbucl
|9 74147
|
| 650 |
0 |
7 |
|a ilustrácie
|2 snkbucl
|9 2743
|
| 650 |
0 |
7 |
|a vysoké školy
|2 snkbucl
|9 1277
|
| 700 |
1 |
|
|a Tolmáči, Ladislav,
|d 1960-
|4 aut
|9 198528
|
| 773 |
0 |
|
|t Geografia
|g Roč. 21, č. 3 (2013), s. 88-91
|x 1335-9258
|
| 852 |
|
|
|a SPK
|b KIS3GCP
|
| 856 |
4 |
1 |
|u www.geoinformatika.sk
|
| 958 |
|
|
|a NB
|2 snkbucl
|
| 999 |
|
|
|c 3299621
|d 3301551
|